LDR 01534naa#a2200265#i#450# 001 RU\RIOR\bibl\126051 005 20260629095326.1 011 ## _a2409-6024 100 ## _a20260530b2026####ek#y0rusy0150####ca 102 ## _aRU 200 1# _aСОСТОЯНИЕ И ПЕРСПЕКТИВЫ УПРАВЛЕНЧЕСКОГО УЧЕТА ЗАТРАТ И УСЛУГ АВТОМОБИЛЬНОГО ПАРКА В СЕЛЬСКОХОЗЯЙСТВЕННЫХ ОРГАНИЗАЦИЯХ _eЖурнальная статья 210 1# _aМосква _cООО "Издательский Центр РИОР" _d2026 215 ## _a19 с. 606 ## _aМенеджмент. 38.03.02 _2local 608 ## _aЖурнальная статья _2local 675 ## _aЭкономика. Народное хозяйство. Экономические науки. 33 _z 686 ## _aОБЩЕСТВЕННЫЕ НАУКИ. 6 _2bbk 686 ## _aОБЩЕСТВЕННЫЕ НАУКИ. ЭКОНОМИКА. ПРАВО.. 7 _2tbk 686 ## _aТерриториальная структура экономики. Региональная и городская экономика. 06.61 _2grnti 686 ## _aОтраслевая структура экономики. 06.71 _2grnti 700 #1 _aЮсуфов _gАбдулкади Мирзакадиевич 700 #1 _aФилин _gМурад Александрович 700 #1 _aОруджева _gЗамира Абдулкадиевна 700 #1 _aМурзагельдиева _gЭльмира Багаудиновна 856 4# _arusjm.ru _u